000 00406cam a2200181 4500
001 D6597
008 090401t1962 xxu||||| |||| 00| 0 eng d
035 _a(Sirsi) u1799
041 _aeng
050 _a711.026
100 _aLeach, W.
245 _aPlanning control for the property manager
260 _bEstates Gazette
_c1962
300 _a230p
350 _a0
942 _n0
948 _c04/03/1997
999 _c85696
_d85696